| 000 | 00531nam a2200169 4500 | ||
|---|---|---|---|
| 001 | 121655 | ||
| 003 | ES-MaACL | ||
| 005 | 20230906191808.0 | ||
| 007 | t| | ||
| 008 | 070214s1946 sp r ||||1| spa d | ||
| 100 | 0 |
_aPlatón. _992598 |
|
| 245 | 1 | 0 |
_aDefensa de Sócrates / _cPlatón ; edición escolar con notas explicativas de M. Fernández Galiano. |
| 260 |
_aMadrid : _bGredos, _c1946. |
||
| 300 |
_a166 p. ; _c17 cm. |
||
| 700 | 1 |
_aFernández-Galiano, Manuel ( _d1918-1988) _9150962 |
|
| 852 |
_aES-MaACL _j1827-F-16 _bR.22921 |
||
| 999 |
_c121655 _d121655 |
||